[Event "Klubbmesterskapet 2018 (A)"]
[Site "Ås, Akershus NOR"]
[Date "2018.01.11"]
[Round "1"]
[White "Lange, Holger"]
[Black "Furnes, Torstein"]
[Result "1/2-1/2"]
[WhiteElo "1761"]
[BlackElo "1765"]
[Annotator "Lea, Per"]
[PlyCount "47"]
[EventDate "2018.01.11"]

1. d4 d5 2. c4 e6 3. Nc3 Nf6 4. Bg5 Be7 5. e3 O-O 6. Nf3 Nbd7 7. Bd3 dxc4 8.
Bxc4 c6 9. O-O Nd5 10. Bxe7 Qxe7 11. Rc1 Nxc3 12. Rxc3 e5 13. dxe5 Nxe5 14.
Nxe5 Qxe5 {Kanskje den mest klassiske av alle klassiske dronninggambiter. Jeg
mistenker at disse trekkene gikk unna i tilnærmet lynsjakktempo. Selv har jeg
forresten hatt denne stillingen som svart mot begge to.} 15. Re1 ({Vanligvis
spilles} 15. f4 {Teksttrekket er kanskje resultatet av egne hjemmeanalyser?
Eller er det bare en øyeblikkelig inspirasjon som dukket opp der og da?}) 15...
Be6 16. Qb3 Bxc4 17. Rxc4 Qe6 18. Rec1 Rfd8 19. Rb4 ({TF: b-bonden var giftig:
} 19. Qxb7 $4 Qxc4 $1 20. Rxc4 $4 Rd1#) 19... Qxb3 20. Rxb3 Rd7 21. Kf1 Rad8
22. Rc2 f5 23. Ke2 Kf7 24. Kf3 {Ikke mye dramatikk her...} 1/2-1/2

[Event "Klubbmesterskapet 2018 (A)"]
[Site "Ås, Akershus NOR"]
[Date "2018.01.11"]
[Round "1"]
[White "Kielland-Lund, Jon"]
[Black "Moberg, Jan Rune"]
[Result "1/2-1/2"]
[WhiteElo "1709"]
[BlackElo "1690"]
[Annotator "Lea, Per"]
[PlyCount "95"]
[EventDate "2018.01.11"]

1. c4 Nf6 2. Nc3 e5 3. Nf3 d6 (3... Nc6 {er vanligere}) 4. g3 c6 5. Bg2 Be7 6.
d4 Nbd7 7. O-O O-O 8. e4 Qc7 9. dxe5 {Hverken Stockfish eller ChessBase liker
dette trekket.} (9. Be3) (9. h3) (9. Qc2 {er de mest spilte alternativene})
9... dxe5 10. Be3 Re8 11. Qc2 Nc5 12. b4 Ne6 13. c5 Ng4 14. Bc1 {Nå begynner
definitvt Stockfish å foretrekke svarts stilling} a5 15. Na4 axb4 16. a3 b3 17.
Qxb3 Nxc5 18. Nxc5 Bxc5 19. Bb2 b6 (19... Be6 20. Qc2 Qb6 {hadde sett
vanskelig ut for hvit}) 20. h3 Nf6 21. Qc2 Nh5 22. Kh2 h6 23. Nxe5 $2 (23. a4 {
var et bedre forsøk, selv om svart fremdeles har et lite overtak}) 23... Rxe5
24. Bxe5 Qxe5 25. f4 Qd4 $2 (25... Qe7 26. e5 Bd7 27. a4 g6 28. Rfd1 Ra7 {og
hvit har store problemer}) 26. Rad1 Qf6 27. e5 Qg6 $4 28. Qxg6 (28. Rd8+ Bf8
29. Qxg6 fxg6 30. Bxc6 Bb7 {Et nødvendig onde} (30... Rb8 31. Bd5+ Kh7 32. Rxf8
{og alt faller sammen}) 31. Rxa8 Bxa8 32. Bxa8 {Også denne varianten bør holde
til vinst for hvit}) 28... fxg6 29. Rd8+ Kh7 30. Bxc6 (30. g4 Ra4 31. Bxc6 Rxf4
32. Rxf4 Nxf4 33. Rxc8 {går raskere}) 30... Rxa3 31. Rxc8 Rxg3 32. Bf3 Bg1+ 33.
Rxg1 Rxf3 34. Rb8 (34. Re1 $1 {Det er viktigere å understøtte denne bonden enn
å plukke opp svarts b-bonde: e-bonden løper fortere. Etter teksttrekket er
stillingen remis.}) 34... Nxf4 35. Rg3 Rf2+ 36. Kg1 Re2 37. Rxb6 Rxe5 38. Kf2
g5 39. Rb7 Re2+ 40. Kf1 Rh2 41. Rbb3 Rh1+ 42. Kf2 Rh2+ 43. Ke1 Ra2 44. Ra3 Re2+
45. Kf1 Re6 46. Rgf3 Ng6 47. Rae3 Ra6 48. Ra3 1/2-1/2

[Event "Klubbmesterskapet 2018 (A)"]
[Site "Ås, Akershus NOR"]
[Date "2018.01.11"]
[Round "1"]
[White "Bø, Martin"]
[Black "Lund, Petter"]
[Result "1-0"]
[WhiteElo "1664"]
[BlackElo "1658"]
[Annotator "Lea, Per"]
[PlyCount "81"]
[EventDate "2018.01.11"]

1. d4 Nf6 2. Nf3 b6 3. c4 Bb7 4. g3 e6 5. Bg2 Bb4+ 6. Nbd2 d5 7. Qa4+ Nc6 8.
O-O O-O 9. a3 Bxd2 (9... a5 10. axb4 $2 axb4 11. Qxa8 Bxa8 {med klar fordel
for svart}) 10. Bxd2 Ne4 11. Bf4 f6 12. Rac1 g5 13. cxd5 exd5 14. Be3 Na5 {
Springeren står bedre på e7} 15. Nd2 Nxd2 ({Svart har allerede forpliktet seg
til angrep da han spilte 12...g5, så da hadde det vært like greit å fortsette
med} 15... f5) 16. Bxd2 Nc4 $2 {En bukk i en allerede dårlig stilling} 17. Rxc4
dxc4 18. Qxc4+ Kg7 19. Bxb7 Rb8 20. Bg2 c5 21. Bc3 (21. d5 {er enda bedre})
21... Qe7 {Resten er teknikk} 22. dxc5 bxc5 23. Rd1 Rbd8 24. Rd5 Rxd5 25. Qxd5
{Løperparet er tårnet overlegent} Rd8 26. Qxg5+ Kf7 27. Bd5+ Ke8 28. Bc6+ Kf8
29. Bxf6 Rd1+ 30. Kg2 Qc7 31. Be4 Rd7 32. Be5 Qb6 33. Qf5+ Ke8 34. Qf6 Qxf6 35.
Bxf6 Kf7 36. Bc3 h6 37. f4 Rd1 38. Bc2 Rd6 39. e4 Rc6 40. f5 c4 41. e5 1-0

[Event "Klubbmesterskapet 2018 (B)"]
[Site "Ås, Akershus NOR"]
[Date "2018.01.11"]
[Round "1"]
[White "Lange, Magnus Øyvind"]
[Black "Bakken, Svein-Erik"]
[Result "0-1"]
[WhiteElo "1341"]
[BlackElo "1617"]
[Annotator "Lea, Per"]
[PlyCount "56"]
[EventDate "2018.01.11"]

1. e4 c5 2. Nf3 Nc6 3. d4 cxd4 4. Nxd4 a6 {En sjelden blomst i Caïssas hage.
Vanlig er} (4... Nf6) ({og} 4... e6) 5. g3 {Ukonvensjonelt - ikke ulikt en
viss navnebror.} ({Vanligvis spilles} 5. Nc3) ({eller} 5. c4) 5... e6 6. Bg2
Qc7 7. Nxc6 {Ingen grunn til å bytte her, og det er det ingen som gjør i
ChessBase heller.} (7. Nc3 {ser mye mer naturlig ut - og forekommer oftest i
praksis}) 7... bxc6 8. O-O Nf6 9. Re1 d6 10. e5 dxe5 11. Rxe5 Bd7 (11... Bb7
12. Re1 Rd8 {er et bedre alternativ}) 12. Qe2 h6 13. Bf4 Qb6 14. b3 Be7 15. Nd2
Nd5 16. Bxd5 (16. Nc4 {beholder et visst press}) 16... cxd5 17. c4 Bf6 18. cxd5
Bxe5 19. Qxe5 O-O 20. Nc4 Qd8 21. dxe6 Bxe6 22. Re1 Qd5 (22... Bxc4 $1 23. bxc4
Re8 24. Qxe8+ Qxe8 25. Rxe8+ Rxe8 {burde være lett vunnet for svart}) 23. Qe3 (
{hvit står en anelse bedre etter} 23. Qxd5 Bxd5 24. Nb6) 23... Bh3 24. f3 Rae8
25. Qf2 $2 ({Også} 25. Qxe8 Rxe8 26. Rxe8+ Kh7 27. Kf2 {er best for svart, men
hvit kan være med å kjempe}) 25... Rxe1+ 26. Qxe1 Qxf3 27. Ne3 Re8 28. Qf2 Rxe3
$1 {Hvit blir matt i to trekk uansett hva han gjør} 0-1

[Event "Klubbmesterskapet 2018 (B)"]
[Site "Ås, Akershus NOR"]
[Date "2018.01.11"]
[Round "1"]
[White "Simonsen, Steinar"]
[Black "Heien, Aksel"]
[Result "1-0"]
[WhiteElo "1514"]
[BlackElo "1285"]
[Annotator "Lea, Per"]
[PlyCount "71"]
[EventDate "2018.01.11"]

1. e4 e5 2. Nf3 Nc6 3. Bb5 a6 4. Ba4 Nf6 5. d3 {Forsiktig, og et trekk som i
"gamle dager" ble kalt både feigt og "skolesjakk-aktig". Men nå spilles det
med hell av spillere på alle nivåer.} (5. O-O Be7 (5... Nxe4 6. d4 b5 7. Bb3 d5
8. dxe5 Be6 {Åpen spansk, hvor svart ikke gjør noe forsøk på å beholde bonden})
6. Re1 b5 7. Bb3 d6 (7... O-O 8. c3 d5 {Marshallangrepet, spilt med
forkjærlighet av minst to veteraner i Ås Sjakklubb/Follo sjakkforening} 9. exd5
Nxd5 10. Nxe5 Nxe5 11. Rxe5 Nf6 12. d4 Bd6 13. Re1 Ng4 14. h3 Qh4 15. Qf3 Nxf2
16. Qxf2 (16. Bd2 Bxh3 17. gxh3 Nxh3+ 18. Kf1 Ng5 19. Bxg5 Qxg5 20. Na3 {Med
remisforslag som ble motatt (Anders Sten Johansen - Per Lea, Ås Sjakklubbs
vårturnering 1986). Teksttrekket er et forslag fra elitespiller og tidligere
Åsboer Eyvind Poulsson.}) 16... Bh2+ (16... Bg3 $4 17. Qxf7+ Rxf7 18. Re8#) 17.
Kf1 Bg3 18. Qxf7+ $4 Rxf7+ {Hvit står i sjakk og rekker ikke å matte på e8. 
(Per H Wibe - Per Lea, Østlandsserien 1998)}) 8. c3 O-O 9. h3 Na5 10. Bc2 c5
11. d4 Qc7 {Klassisk spansk, hvor det kan dukke opp teoretiske
"åpnings"-nyheter i trekk 35...}) 5... b5 {Et nødvendig trekk med en gang hvit
garderer bonden på e4. Ellers kan den gå tapt etter at hvit slår springeren på
c6.} 6. Bb3 Be7 7. O-O d6 8. Nc3 (8. a3) (8. c3) (8. a4 {er de vanligste
alternativene her - alle med poenget at hvit ønsker å beholde hvitfeltsløperen.
}) 8... Bg4 ({Nå er vi ute av ChessBase-stillingene} 8... O-O {er det
naturligste trekket - "alle" ville sannsynligvis spilt det automatisk i
lynsjakk}) (8... Na5 {er et standardtrekk i nesten alle spanske varianter}) (
8... Bb7 {er ofte et naturlig valg når hvit har satt d-bonden på d3 i stedet
for d4 (eller har latt den stå på d2)}) 9. h3 Bxf3 10. Qxf3 Nd4 11. Qg3 b4 $2 {
Svart har sannsynligvis sett seg blind på springergaffelen på e2 hvis
springeren på c3 går} 12. Qxg7 Rf8 13. Nd5 Nxb3 14. axb3 Nxd5 15. exd5 Bf6 16.
Qg4 h5 $2 17. Qxb4 Rg8 18. Rxa6 Rxa6 19. Qb5+ Ke7 $4 (19... Qd7 {gir svart
muligheten til noe som kan ligne et motspill, men hvit har et forsvar og ender
opp med et par merbønder} 20. Qxa6 Qxh3 21. Qa4+ Ke7 22. Qe4) 20. Qxa6 Qd7 21.
Kh2 Qf5 22. Qc4 Kd8 23. Qa4 Qc8 24. f4 Bh4 25. Rf3 (25. fxe5 {er temmelig
knusende} Bg3+ 26. Kh1 Qd7 (26... Bxe5 $2 27. Rxf7) 27. Qa8+ Qc8 28. Qa7) 25...
exf4 26. Qxf4 f6 $4 27. Qxh4 Qd7 28. Qxf6+ Kc8 29. Qe6 Qxe6 30. dxe6 Kd8 31. h4
Ke7 32. Bg5+ Kxe6 33. c4 c5 34. Re3+ Kf5 35. Rf3+ Kg4 {Like greit å få slutt
på pinen...} 36. Rf4# 1-0

[Event "Klubbmesterskapet 2018 (B)"]
[Site "Ås, Akershus NOR"]
[Date "2018.01.11"]
[Round "1"]
[White "Stensland, Martin"]
[Black "Rønbeck, Bjørn"]
[Result "0-1"]
[WhiteElo "1245"]
[BlackElo "1506"]
[Annotator "Lea, Per"]
[PlyCount "98"]
[EventDate "2018.01.11"]

1. Nf3 b6 2. d4 Ba6 {Inspirert av Guatemalsk forsvar? (1.e4 b6 2.d4 La6).
ChessBase har ikke registrert noen partier med disse åpningstrekkene. Da får
vi vel kalle det Rønbeckvarianten? Stockfish mener hvit står best allerede.} 3.
Nc3 ({Stockfish vil heller spille} 3. e4 Bxf1 4. Kxf1 {selv om det medfører
tapt rokaderett og et tårn som det vil ta lang tid å få i spill}) 3... d5 4. a4
e6 5. g3 Nf6 6. Bg2 Be7 7. O-O O-O 8. Re1 Nfd7 9. e4 c6 10. exd5 cxd5 11. Bf4
Re8 (11... Nc6 12. Nb5 Rc8 {og hvit har en litt bedre stilling}) 12. Nb5 Bxb5
13. axb5 Nf8 {Svart har bare en offiser som ikke står på åttenderaden - ikke
bra} 14. c3 (14. Ne5 $1 f6 15. Ng4 Nbd7 16. c4 f5 17. Ne3 $18) 14... Bd6 15.
Bd2 Nbd7 16. Qc2 Nf6 17. Bg5 Be7 18. Ne5 Qd6 19. Nc6 (19. Ra6 Ng6 20. Nc6 Nd7
21. Nxe7+ Nxe7 22. Bf4 $18) 19... N8d7 $4 20. Nxe7+ $2 (20. Bf4 $1 e5 21. dxe5
Nxe5 22. c4 dxc4 23. Rxe5 {og svart kan ikke unngå å tape ytterligere materiell
}) 20... Qxe7 $2 21. Qd1 (21. Bxd5 $1 Rac8 22. Rxa7 Qd8 23. Bc6 {og svart har
kjempeproblemer}) 21... Qd8 22. Ra2 Qc8 23. Qa1 Qb7 24. c4 h6 25. Bd2 Ne4 26.
Be3 Ndf6 27. f3 {Stenger av for den farlige løperdiagonalen - og overlater
iniativet til svart.} Nd6 28. b3 ({Etter} 28. c5 bxc5 29. dxc5 Nxb5 30. b4 {
kan hvit fremdeles kjempe}) 28... Re7 29. Bd2 Rc8 30. Bb4 Rd7 31. Bf1 {Hvit er
mer opptatt av å forsvare seg enn å angripe - et dårlig utgangspunkt for en
sjakkspiller!} (31. Bxd6 Rxd6 32. Rxa7 Qb8 33. f4 dxc4 34. bxc4 Rcd8 (34...
Rxd4 $4 35. Ra8 Qxa8 36. Bxa8) 35. c5 R6d7 36. Ra8 Qc7 37. Rc1 {og hvit står
klart best}) 31... dxc4 32. Bg2 {"Fram og tilbake er dobbelt så langt"} cxb3
33. Rb2 Nxb5 {Nå er det svart som har klar vinststilling} 34. f4 Qc7 35. Rxb3
Nxd4 36. Rc3 Qd8 37. f5 Rxc3 (37... Ne2+ $1 38. Kh1 (38. Rxe2 $2 Rd1+ 39. Qxd1
Qxd1+ 40. Kf2 Ng4+ 41. Kf3 Rxc3+ 42. Bxc3 Qd3+ 43. Kxg4 (43. Kf4 Qxf5#) (43.
Re3 Qxe3+ 44. Kxg4 exf5+ 45. Kh3 Qxc3 {0-1}) 43... Qxf5+ 44. Kh4 Qg5+ 45. Kh3
Qh5#)) 38. Bxc3 Nxf5 39. Bxf6 Qxf6 40. Qa4 Qd4+ 41. Qxd4 Rxd4 42. Rc1 Rd7 43.
Rc8+ Kh7 44. Be4 g6 45. h4 Nd6 46. Bxg6+ (46. Bc6 {Unngår offiserstapet, men 4
bønder under i et sluttspill løper mot springer er håpløst for hvit}) 46...
Kxg6 47. Rg8+ Kh7 48. Rg4 Nf5 49. Kg2 $2 Ne3+ 0-1

[Event "Klubbmesterskapet 2018 (A)"]
[Site "Ås, Akershus NOR"]
[Date "2018.01.18"]
[Round "2"]
[White "Johnson, David"]
[Black "Lund, Petter"]
[Result "0-1"]
[WhiteElo "1695"]
[BlackElo "1658"]
[PlyCount "98"]
[EventDate "2018.??.??"]

1. e4 e5 2. Nf3 Nc6 3. Bc4 Nf6 4. Ng5 d5 5. exd5 Nxd5 6. Nxf7 Kxf7 7. Qf3+ Ke6
8. Nc3 Nce7 9. d4 c6 10. O-O Ng6 11. dxe5 Bb4 12. Ne4 Qf8 13. Qg4+ Ke7 14. Bg5+
Ke8 15. Qg3 Be7 16. Nd6+ Kd8 17. f4 Kc7 18. f5 Bxg5 19. Qxg5 Nxe5 20. Bxd5 cxd5
21. Nb5+ Kb6 22. Nc3 Kc6 23. Rae1 Qf6 24. Qd2 Rd8 25. Qf4 Nc4 26. Rf3 g5 27.
Qg4 b5 28. Qg3 Bxf5 29. b3 Nd2 30. Rf2 Ne4 31. Nxe4 dxe4 32. Ref1 Qd4 33. Qxg5
Rd5 34. Kh1 Bg6 (34... Qxf2 $1 $19) 35. Qe7 Rad8 (35... Qxf2 $1 $19) 36. Rf6+
R8d6 37. Qd8 Qxf6 38. Qc8+ Kb6 39. Qb8+ Ka6 40. Qc8+ Ka5 41. Qc7+ Kb4 42. a3+
Kxa3 43. Qa5+ Kb2 44. Qa1+ Kxc2 45. Qb1+ Kc3 46. Qc1+ Kb4 47. Qe1+ Qc3 48. Qh4
Rd1 49. Kg1 Qe3+ 0-1

[Event "Klubbmesterskapet 2018 (A)"]
[Site "Ås, Akershus NOR"]
[Date "2018.01.18"]
[Round "2"]
[White "Moberg, Jan Rune"]
[Black "Bø, Martin"]
[Result "1-0"]
[WhiteElo "1690"]
[BlackElo "1664"]
[PlyCount "57"]

1. d4 Nf6 2. c4 e6 3. Nf3 d5 4. g3 Be7 5. Bg2 O-O 6. O-O dxc4 7. a4 c5 8. Na3
cxd4 9. Nxd4 Bxa3 10. Rxa3 Qb6 11. a5 Qc5 12. b4 Qxb4 13. Ra4 Qc5 14. Ba3 Qc7
15. Bxf8 Kxf8 16. a6 Nd5 17. Qc1 Nb6 18. Qa3+ Kg8 19. Nb5 Qd7 20. axb7 Bxb7 21.
Bxb7 Qxb7 22. Rxa7 Rxa7 23. Nxa7 Nd5 24. e4 Nf6 25. Rd1 h5 26. Qa5 Qxe4 27.
Qd8+ Kh7 28. Qxb8 Nd5 29. Qb1 1-0

[Event "Klubbmesterskapet 2018 (A)"]
[Site "Ås, Akershus NOR"]
[Date "2018.01.18"]
[Round "2"]
[White "Furnes, Torstein"]
[Black "Kielland-Lund, Jon"]
[Result "1/2-1/2"]
[WhiteElo "1765"]
[BlackElo "1709"]
[PlyCount "46"]

1. d4 d5 2. c4 c6 3. cxd5 cxd5 4. Bf4 Nc6 5. e3 Nf6 6. Nc3 a6 7. Nf3 Bf5 8. Bd3
Bxd3 9. Qxd3 e6 10. O-O Bd6 11. Bxd6 Qxd6 12. Rac1 O-O 13. Nd2 Ng4 14. f4 f5
15. Nf3 b5 16. Ne5 Ncxe5 17. dxe5 Qb6 18. Qd4 Qxd4 19. exd4 Rac8 20. h3 Ne3 21.
Rfe1 Nc4 22. Nd1 Nd2 23. Ne3 Kf7 1/2-1/2

[Event "Klubbmesterskapet 2018 (A)"]
[Site "Ås, Akershus NOR"]
[Date "2018.01.18"]
[Round "2"]
[White "Midtgard, Anders"]
[Black "Lange, Holger"]
[Result "1-0"]
[WhiteElo "1623"]
[BlackElo "1761"]
[PlyCount "119"]

1. d4 Nf6 2. c4 e6 3. Nc3 Bb4 4. Qc2 c5 5. dxc5 Qa5 6. Bd2 Qxc5 7. e3 O-O 8. a3
Bxc3 9. Bxc3 Qe7 10. Bd3 h6 11. b4 d6 12. Nf3 e5 13. Nd2 Be6 14. O-O Nbd7 15.
f4 exf4 16. exf4 Nb6 17. f5 Bd7 18. Rae1 Qd8 19. Ne4 Nxe4 20. Bxe4 f6 21. Bxb7
Rb8 22. Ba6 Qc7 23. Re7 Rbe8 24. Rfe1 Nxc4 25. Bxf6 Rxe7 26. Bxe7 Qb6+ 27. Kh1
Ne3 28. Qb3+ Rf7 29. Qxe3 Qxa6 30. f6 d5 31. h3 Qb6 32. fxg7 Qxe3 33. Rxe3 Rxg7
34. Bc5 Bb5 35. Kh2 a6 36. Rg3 Rxg3 37. Kxg3 Kf7 38. h4 Kg6 39. Kf4 h5 40. Ke5
Bc4 41. a4 Kf7 42. Kd6 Kf6 43. Kc6 Ke5 44. b5 d4 45. b6 Bd5+ 46. Kc7 d3 47. Bb4
Kd4 48. b7 Bxb7 49. Kxb7 Kc4 50. Ba5 Kb3 51. Kxa6 Kxa4 52. Kb6 Kb3 53. Kc5 Kc2
54. Kd5 d2 55. Bxd2 Kxd2 56. Ke5 Ke3 57. Kf5 Kf2 58. Kg5 Kxg2 59. Kxh5 Kf3 60.
Kg6 1-0

[Event "Klubbmesterskapet 2018 (A)"]
[Site "Ås, Akershus NOR"]
[Date "2018.01.18"]
[Round "2"]
[White "Andersen, Odd"]
[Black "Lea, Per"]
[Result "1-0"]
[WhiteElo "1775"]
[BlackElo "1725"]
[PlyCount "117"]
[EventDate "2018.01.11"]

1. d4 d5 2. Bf4 Nf6 3. c3 e6 4. e3 c5 5. Nd2 Bd6 6. Bg3 Nc6 7. Bb5 O-O 8. Ngf3
a6 9. Bxc6 bxc6 10. Qa4 Bb7 $2 11. Bxd6 Qxd6 12. Qa3 $1 Nd7 13. Nb3 Rfe8 14.
dxc5 Qe7 15. Na5 Rab8 $2 16. b4 Ba8 17. Nd4 Rec8 18. Qa4 Ne5 19. O-O Qe8 20. a3
Nd7 21. Qc2 e5 22. Nf5 Qe6 23. Nd6 Rc7 24. Qd3 Ra7 25. e4 Nf6 26. Rae1 Ne8 27.
Nf5 Nf6 28. Ng3 Rd8 29. exd5 cxd5 30. f4 e4 31. Qd4 Bc6 32. Nxc6 Qxc6 33. Nxe4
Nxe4 34. Rxe4 Rad7 35. Ree1 Qa4 36. f5 f6 37. Ra1 Re8 38. Qd1 Qc6 39. Re1 Re5
40. Rxe5 fxe5 41. Qd3 Qf6 42. a4 e4 43. Qd4 Qxf5 44. b5 axb5 45. axb5 Qe6 46.
c6 Re7 47. Qe3 Qd6 48. Ra8+ Kf7 49. Qf2+ Ke6 50. Rf8 Qe5 51. Qd4 e3 52. Qxe5+
Kxe5 53. Kf1 Kd6 54. Rb8 e2+ 55. Ke1 Re3 56. Rd8+ Kc7 57. Rd7+ Kc8 58. b6 Rxc3
59. b7+ 1-0

[Event "Klubbmesterskapet 2018 (B)"]
[Site "Ås, Akershus NOR"]
[Date "2018.01.18"]
[Round "2"]
[White "Bakken, Svein-Erik"]
[Black "Olsen, Trygve"]
[Result "0-1"]
[WhiteElo "1617"]
[BlackElo "1461"]
[PlyCount "88"]

1. d4 c6 2. c4 e6 3. Nc3 Nf6 4. Nf3 d5 5. Bg5 h6 6. Bh4 g5 7. Bg3 Nbd7 8. e3
Nh5 9. Be2 Nxg3 10. hxg3 Bg7 11. cxd5 exd5 12. Qc2 Qf6 13. Rc1 g4 14. Nh4 Nf8
15. O-O Ng6 16. Nxg6 fxg6 17. Bd3 Bf5 18. Ne2 h5 19. Rfd1 h4 20. gxh4 Qxh4 21.
Kf1 Qh1+ 22. Ng1 Rh2 23. Ke2 Qxg2 24. Rf1 Be4 25. Bxe4 dxe4 26. Rce1 g3 27. Kd1
O-O-O 28. Ne2 gxf2 29. Rxf2 Qxf2 30. Qxe4 Bxd4 31. exd4 Rh4 32. Qe6+ Kb8 33.
Qe5+ Ka8 34. a3 Qf3 35. Kc1 Re4 36. Qc7 Qe3+ 37. Kb1 Rde8 38. Ka2 g5 39. Rc1
R4e7 40. Qd6 Qxe2 41. Ka1 Qb5 42. Rc5 Qb3 43. Re5 Rxe5 44. dxe5 Qd5 0-1

[Event "Klubbmesterskapet 2018 (B)"]
[Site "Ås, Akershus NOR"]
[Date "2018.01.17"]
[Round "2"]
[White "Hjertvik, Even"]
[Black "Simonsen, Steinar"]
[Result "0-1"]
[WhiteElo "1452"]
[BlackElo "1514"]
[Annotator "Lea, Per"]
[PlyCount "68"]
[EventDate "2018.01.11"]

1. d4 d5 2. Bf4 Nf6 3. e3 Nc6 (3... c5 {pleier å være et nøkkeltrekk her,
enten med en gang,}) ({eller ett trekk seinere:} 3... e6 4. Nf3 c5) 4. c3 Bf5
5. Nd2 (5. Bb5) ({og} 5. Nf3 {ser mer logiske ut. Brikkene skal utvikles og
kongen skal rokeres i sikkerhet.}) 5... e6 6. Ngf3 Bd6 7. Ne5 Bxe5 8. dxe5 Nd7
9. a3 $2 {Glemmer at bonden på e5 henger} (9. Bb5 {garderer e5-bonden
indirekte: uansett hvilken springer som slår på e5, så er den andre bundet og
kan ikke slå tilbake når hvits løper slår på e5}) 9... Ndxe5 10. Bb5 O-O 11.
Bxc6 Nxc6 ({Svart lar seg selvfølgelig ikke lure til å spille} 11... bxc6 $4
12. Bxe5 {med offisersgevinst}) ({Enda bedre:} 11... Nd3+ 12. Kf1 bxc6 {og
hvit får problemer med å få ut brikkene.}) 12. O-O e5 13. Bg3 Qf6 14. Nf3 e4
15. Nd4 Nxd4 16. cxd4 Rad8 17. Qb3 ({Etter} 17. Bxc7 {vurderer Stockfish
stillingen som helt lik}) 17... h5 18. Qxb7 c6 19. Qxa7 (19. h4 {Kveler svarts
angrepssjanser i fødselen og beholder en fordel. Etter teksttrekket har svart
minst remis.}) 19... h4 20. Be5 Qg6 21. Kh1 h3 22. gxh3 (22. Rg1 {er trolig
den beste måten å forsvare seg på. Men hvit sliter med at dronninga står helt
off-side.}) ({Hvit sliter også etter} 22. Bg3 hxg2+ 23. Kxg2 Qg4 24. f3 exf3+
25. Kg1 (25. Rxf3 Be4)) 22... Qh5 (22... Bxh3 $4 23. Rg1 {og alt er plutselig
snudd helt på hodet.}) 23. f3 (23. Rg1 {kunne vært prøvd; svart kan lett la
seg friste til} f6 $4 24. Qxg7#) 23... exf3 24. Rf2 Bxh3 25. Bg3 {Demmer
delvis opp for anrepet, men svart får lett tårnene i spill, mens hvits
forlatte dronning står alene og venneløs i begivenhetenes periferi...} Rfe8 26.
Re1 Re6 27. Qa6 Rde8 28. Qd3 f5 (28... c5 29. dxc5 Re4 30. Qd1 d4 31. Rg1 dxe3
{og svart blir stående med 2 monsterbønder.}) 29. Bf4 Rg6 ({Enda sterkere er} 
29... Qh4 30. Qd2 Qxf4 31. exf4 Rxe1+ 32. Qxe1 Rxe1+ 33. Rf1 Rxf1#) 30. Bg3 {
"Fram og tilbake er dobbet så langt"} f4 $2 (30... Rxg3 $1 {truer} 31. hxg3
Bg2+ 32. Kg1 Qh1#) 31. Qd1 (31. Bxf4 Bg2+ 32. Kg1 Rg4 33. Rc1) 31... fxg3 32.
Rxf3 Bg4 $1 {Vinner enda mer materiell.} ({Hvit håpet på} 32... gxh2 {med
dronningvinst etter} 33. Rf8+ Rxf8 34. Qxh5 {men svart vinner etter} Rh6 35.
Qxh6 {Hvit er før eller siden nødt til å gi dronninga for å unngå matt. I de
fleste andre varianter får hvit bare en løper som kompensasjon.} (35. Qg5 Rf1+
36. Rxf1 Bxf1 37. Qg3 Bd3 {og trusselen med løpersjakk på e4 er dødelig}) (35.
Qe5 Bf5 36. a4 Be4+ 37. Qxe4 dxe4 {og svart vinner lett med sitt ekstra tårn})
(35. Qe2 Bf5 36. Qg2 Be4 37. Qxe4 dxe4)) 33. Kg2 (33. Ref1 {for å gardere
tårnet på f3 fungerer ikke:} Qxh2#) 33... Qxh2+ 34. Kf1 Bh3# 0-1

[Event "Klubbmesterskapet 2018 (B)"]
[Site "Ås, Akershus NOR"]
[Date "2018.01.18"]
[Round "2"]
[White "Rønbeck, Bjørn"]
[Black "Thowsen, Alf Geir"]
[Result "0-1"]
[WhiteElo "1506"]
[BlackElo "1403"]
[PlyCount "64"]
[EventDate "2018.??.??"]

1. e4 e6 2. d4 d5 3. e5 c5 4. c3 cxd4 5. cxd4 Nc6 6. Bb5 Bd7 7. Ne2 Be7 8. O-O
f6 9. f4 Qb6 10. Nbc3 Rd8 11. f5 fxe5 12. fxe6 Bxe6 13. Bxc6+ bxc6 14. Na4 Qc7
15. dxe5 Qxe5 16. Nd4 Qd6 17. Bf4 Qd7 18. Nxe6 Qxe6 19. Re1 Qf7 20. Rf1 Nf6 21.
Rc1 Rc8 22. Qd3 O-O 23. Rc2 Ne4 24. Rcc1 Qe6 25. Rce1 Qg4 26. Be5 Rce8 27.
Rxf8+ Rxf8 28. b4 Rf2 29. Qh3 Qxh3 30. gxh3 Rxa2 31. Nb2 Bxb4 32. Re3 Bc5 0-1